Microencapsulation in the food industry : a practical implementation guide

Microencapsulation is being used to deliver everything from improved nutrition to unique consumer sensory experiences. It's rapidly becoming one of the most important opportunities for expanding brand potential. Microencapsulation in the Food Industry: A Practical Implementation Guide is writte...

Full description

Saved in:
Bibliographic Details
Other Authors: Gaonkar, Anilkumar G., 1954- (Editor)
Format: Book
Language:English
Published: San Diego : Academic Press, c2014.
Subjects:
Tags: Add Tag
No Tags, Be the first to tag this record!

MARC

LEADER 00000cam a2200000 a 4500
001 1/108419
008 150904s2014####us | ||| |||| ||eng||
020 |a 9780124045682  
040 |a GR-MyUa  |b gre  |c GR-MyUa  |e AACR2 
041 0 |a eng 
082 7 |a 664.02   |2 (23)  
245 0 0 |a Microencapsulation in the food industry :   |b a practical implementation guide /   |c edited by Anilkumar G. Gaonkar... [κ. ά.]  
260 |a San Diego :   |b Academic Press,   |c c2014.  
300 |a xx, 569 σ. :   |b πίν., σχ. ;   |c 28 εκ.  
504 |a Περιλαμβάνει βιβλιογραφία και ευρετήριο.  
520 8 |a Microencapsulation is being used to deliver everything from improved nutrition to unique consumer sensory experiences. It's rapidly becoming one of the most important opportunities for expanding brand potential. Microencapsulation in the Food Industry: A Practical Implementation Guide is written for those who see the potential benefit of using microencapsulation but need practical insight into using the technology. With coverage of the process technologies, materials, testing, regulatory and even economic insights, this book presents the key considerations for putting microenc.  
650 0 |a Microencapsulation. 
650 0 |a Controlled release preparations. 
700 1 |a Gaonkar, Anilkumar G.,   |d 1954-  |e edt 
852 |a INST  |b LEMNOS  |e 20150904  |h 664.02 MIC  |p 005600001382  |q 005600001382  |t BK  |y 0 
922 |a 6ΕΛΗ  |b 2015/04  |c ΤΑΚ/ΤΕΤΔ  |d Liberal Books 
970 |a Μοσχόβη  |b Ευαγγελία  |z 04-09-2015